000 00516nam a22001817a 4500
005 20251108172536.0
008 250721s9999 xx 000 0 ara d
082 1 4 _a371.3حيل
100 1 _aحيلة، محمد محمود
245 1 0 _aمهارات التدريس الصفي /
264 1 _aعمان :
_bدار المسيرة،
300 _a416 ص
650 1 7 _aأساليب التدريس
650 1 7 _aمهارات التدريس
650 1 7 _aطرق التعلم
942 _2ddc
_cBK
999 _c82044
_d82044